[Event "Prague Golden op 11th"]
[Site "Prague"]
[Date "2015.06.21"]
[Round "1"]
[White "Plasil, Petr"]
[Black "Pokorny, Jan1111"]
[Result "1-0"]
[WhiteElo "2079"]
[BlackElo "1866"]
[PlyCount "81"]
[EventDate "2015.06.21"]
[EventType "swiss"]
[EventRounds "9"]
[EventCountry "CZE"]
[SourceTitle "CBM 167 Extra"]
[Source "ChessBase"]
[SourceDate "2015.09.14"]
[SourceVersion "1"]
[SourceVersionDate "2015.09.14"]
[SourceQuality "1"]

1. d4 Nf6 2. c4 g6 3. Nc3 Bg7 4. Nf3 c6 5. e4 d6 6. Be2 Na6 7. 0-0 0-0 8. Be3 Nd7 9. Qd2 Re8 10. Rac1 c5 11. Ng5 cxd4 12. Bxd4 Ndc5 13. Bxg7 Kxg7 14. f4 f6 15. Nf3 Be6 16. Rcd1 Qc8 17. h3 Bf7 18. b3 Nc7 19. b4 N5e6 20. Nd5 Nf8 21. e5 Nxd5 22. cxd5 dxe5 23. fxe5 Rd8 24. exf6+ exf6 25. d6 Qf5 26. Nh2 Qg5 27. Qxg5 fxg5 28. Rd2 Rac8 29. Nf3 h6 30. Ne5 Be6 31. Bg4 Rb8 32. Bxe6 Nxe6 33. Rf7+ Kg8 34. Rf6 Nf4 35. d7 Kg7 36. Rf7+ Kg8 37. Re7 Kf8 38. Rf7+ Kg8 39. Kh2 Ne6 40. Re7 Nf8 41. Nf7 1-0

[Event "CZE-chT2C 1415"]
[Site "Czech Republic"]
[Date "2015.03.29"]
[Round "10.5"]
[White "Brezmen, Pavel"]
[Black "Plasil, Petr"]
[Result "1-0"]
[WhiteElo "2095"]
[BlackElo "2027"]
[PlyCount "53"]
[EventDate "2014.11.02"]
[EventType "team-tourn"]
[EventRounds "11"]
[EventCountry "CZE"]
[SourceTitle "EXT 2022"]
[Source "ChessBase"]
[SourceDate "2021.10.06"]
[SourceVersion "1"]
[SourceVersionDate "2021.10.06"]
[SourceQuality "1"]
[WhiteTeam "Kolin"]
[BlackTeam "Praha Kobylisy II"]
[WhiteTeamCountry "CZE"]
[BlackTeamCountry "CZE"]

1. c4 Nf6 2. g3 g6 3. Bg2 Bg7 4. Nf3 0-0 5. 0-0 d5 6. cxd5 Nxd5 7. Nc3 c5 8. Qb3 Nb6 9. d3 Bd7 10. Be3 Na6 11. Ng5 Rb8 12. Rac1 h6 13. Nge4 Be6 14. Qa3 c4 15. Rfd1 f5 16. Nc5 Nxc5 17. Bxc5 Nc8 18. dxc4 Qe8 19. Nd5 Bxd5 20. Rxd5 b6 21. Bb4 e6 22. Rd2 Rf7 23. Rcd1 Bf6 24. Bc3 Be7 25. Qa6 b5 26. Qxe6 Nb6 27. Qxg6+ 1-0

[Event "CZE-chT2C 1415"]
[Site "Czech Republic"]
[Date "2015.02.22"]
[Round "8.4"]
[White "Polak, Benedikt"]
[Black "Plasil, Petr"]
[Result "1/2-1/2"]
[WhiteElo "2167"]
[BlackElo "2027"]
[PlyCount "37"]
[EventDate "2014.11.02"]
[EventType "team-tourn"]
[EventRounds "11"]
[EventCountry "CZE"]
[SourceTitle "EXT 2022"]
[Source "ChessBase"]
[SourceDate "2021.10.06"]
[SourceVersion "1"]
[SourceVersionDate "2021.10.06"]
[SourceQuality "1"]
[WhiteTeam "Kutna Hora"]
[BlackTeam "Praha Kobylisy II"]
[WhiteTeamCountry "CZE"]
[BlackTeamCountry "CZE"]

1. d4 Nf6 2. Nf3 g6 3. c4 Bg7 4. Nc3 d5 5. Bf4 0-0 6. Rc1 c5 7. dxc5 dxc4 8. Qxd8 Rxd8 9. e4 Na6 10. e5 Nd5 11. Nxd5 Rxd5 12. Bxc4 Rxc5 13. 0-0 Bg4 14. Ng5 Rxc4 15. Rxc4 Be2 16. Rfc1 Bxc4 17. Rxc4 Rd8 18. Kf1 b5 19. Rc1 1/2-1/2

[Event "Prague op-A 14th"]
[Site "Prague"]
[Date "2015.01.15"]
[Round "8"]
[White "Bartos, Jan"]
[Black "Plasil, Petr"]
[Result "1-0"]
[WhiteElo "2159"]
[BlackElo "2027"]
[PlyCount "97"]
[EventDate "2015.01.09"]
[EventType "swiss"]
[EventRounds "9"]
[EventCountry "CZE"]
[SourceTitle "CBM 164 Extra"]
[Source "ChessBase"]
[SourceDate "2015.03.02"]
[SourceVersion "1"]
[SourceVersionDate "2015.03.02"]
[SourceQuality "1"]

1. d4 Nf6 2. c4 g6 3. Nc3 d5 4. cxd5 Nxd5 5. e4 Nxc3 6. bxc3 Bg7 7. Qa4+ Qd7 8. Qa3 0-0 9. Nf3 b6 10. Bd3 c5 11. 0-0 Bb7 12. Bg5 e6 13. Rad1 Qc7 14. Bh4 Rc8 15. Bg3 Qe7 16. Rfe1 Qf8 17. Bb1 Nd7 18. d5 e5 19. c4 Qd6 20. Qb3 f6 21. a4 Rab8 22. Bc2 Rc7 23. Qa3 Bc8 24. Rb1 Rcb7 25. Rb3 Bf8 26. Reb1 Qc7 27. R1b2 a6 28. Qa1 b5 29. axb5 axb5 30. Rxb5 Ra7 31. Qd1 Rxb5 32. cxb5 c4 33. Nd4 Ba3 34. Ra2 Qc5 35. Nc6 Ra8 36. h3 Nb6 37. Qb1 Na4 38. Bxa4 Rxa4 39. b6 Bb7 40. Qd1 Ra8 41. Qf3 Qd6 42. Qc3 Qc5 43. Kh2 Bxc6 44. dxc6 Qxc6 45. Rxa3 Rxa3 46. Qxa3 Qxb6 47. f4 Qb3 48. Qa8+ Kg7 49. fxe5 1-0